| 000 | 01391cam a2200349 a 4500 | ||
|---|---|---|---|
| 001 | 13916735 | ||
| 003 | OSt | ||
| 005 | 20160824180339.0 | ||
| 008 | 050331s2005 si a 001 0 eng d | ||
| 010 | _a 2005273779 | ||
| 020 | _a0-470-82112-4 (pbk.) | ||
| 035 | _a(OCoLC)ocm57309364 | ||
| 040 |
_aSISPL _cSISPL _dOCLCQ _dDLC |
||
| 042 | _alccopycat | ||
| 043 | _aa------ | ||
| 050 | 0 | 0 |
_aHD2741 _b.W327 2005 |
| 082 | 0 | 0 |
_aDC 658.40095 _22005 _bW15m |
| 100 | 1 |
_aWallace, Peter, _d1965- |
|
| 245 | 1 | 0 |
_aMastering business in Asia : _bcorporate governance / _cPeter Wallace, John Zinkin ; foreword by John Carver. |
| 246 | 3 | 0 | _aCorporate governance |
| 260 |
_aSingapore ; _aHoboken, NJ : _bJohn Wiley & Sons (Asia), _cc2005. |
||
| 300 |
_axiv, 376 pages : _billustrations ; _c23 cm. |
||
| 500 | _aIncludes index. | ||
| 650 | 0 |
_aCorporate governance _zAsia. |
|
| 700 | 1 | _aZinkin, John. | |
| 856 | 4 | 2 |
_3Contributor biographical information _uhttp://www.loc.gov/catdir/enhancements/fy0626/2005273779-b.html |
| 856 | 4 | 2 |
_3Publisher description _uhttp://www.loc.gov/catdir/enhancements/fy0626/2005273779-d.html |
| 856 | 4 | 1 |
_3Table of contents only _uhttp://www.loc.gov/catdir/enhancements/fy0626/2005273779-t.html |
| 906 |
_a7 _bcbc _ccopycat _d2 _encip _f20 _gy-gencatlg |
||
| 942 |
_2ddc _cDC |
||
| 999 |
_c4111 _d4111 |
||